| 000 | 02021nam0a2200349 4500 | ||
|---|---|---|---|
| 001 | RU\NLR\bibl\372028 | ||
| 005 | 20260408125645.0 | ||
| 021 |
_aRU _b2003-33876 _91605 |
||
| 035 | _a(NLR Aleph) 000366543 | ||
| 090 |
_a368843 _c368843 |
||
| 100 | _a20030228d2002 u y0rusy50 ca | ||
| 101 | 0 | _arus | |
| 102 | _aRU | ||
| 105 | _ay ||||||||| | ||
| 200 | 1 |
_aДинамика плодоношения яблони в мемориальной части Ботанического сада им. Вс. М. Крутовского _eСправ. пособие для студентов спец. 260500 всех форм обучения _fР.Н. Матвеева, О.Ф. Буторова, Н.В. Моксина _gМ-во образования Рос. Федерации, Сиб. гос. технол. ун-т |
|
| 210 |
_aКрасноярск _cСибГТУ _d2002 |
||
| 215 |
_a59 с. _d20 |
||
| 320 | _aБиблиогр.: с. 58 | ||
| 606 | 0 |
_aЯблони _xПлодоношение _xБотанический сад им. Вс.М. Крутовского(Красноярск) _jСправочники _2nlr-sh1 _3RU\NLR\auth\661365971 |
|
| 606 | 0 |
_aЯблони _xСортоиспытание _xБотанический сад им. Вс.М. Крутовского(Красноярск) _jСправочники _2nlr-sh1 _3RU\NLR\auth\661365972 |
|
| 686 | _aП255.1я29 | ||
| 700 | 1 |
_aМатвеева _bР. Н. _cд-р с.-х. наук _f1942- _gРимма Никитична _3RU\NLR\auth\7739655 _4070 |
|
| 701 | 1 |
_aБуторова _bО. Ф. _cд-р с.-х. наук _gОльга Федоровна _3RU\NLR\AUTH\770151064 _4070 |
|
| 701 | 1 |
_aМоксина _bН. В. _gНаталья Владимировна _4070 |
|
| 712 | 0 | 2 |
_aБотанический сад им. Вс.М. Крутовского _cКрасноярск _3RU\NLR\AUTH\8810032099 _4570 |
| 801 | 0 |
_aRU _bNLR _c20030228 _gPSBO |
|
| 801 | 1 |
_aRU _bNLR _c20030228 |
|
| 830 | _aавт. по кн. | ||
| 942 | _cBOOK | ||
| 980 | _aNB | ||